000 00433nam a2200205Ia 4500
001 13706
003 GE_BSU
008 181216s||||||||xx |||||||||||||| ||und||
020 _a9780340992586
040 _cGE_BSU
080 _a821.111-3
100 _aKing,Stephen.
245 _aUnder the dome.
260 _aLondon.
260 _bHodder.
260 _c2009
300 _a880p;20cm.
653 _aUnder the dome.
942 _cBK
999 _c46854
_d46854